000 00620nam a2200229Ia 4500
003 OSt
005 20230403105527.0
008 210423s1966 xx 000 0 und d
020 _a716604736
040 _cAL
041 _aeng
082 _a030.02 SASH
100 _aSASSE (H C);others
_982352
245 _aCassells concise german-english english-german
260 _aNew York
_bMacmillan India Ltd
_c1966
300 _axvi,541
_bHB
365 _cINR
650 _aEncyclopedic Works
_982353
650 _aGeneral
_982354
906 _aCassells ; concise ; english-german. ; german-english
942 _2ddc
_cBK
999 _c157942
_d157942